Bones! : (Record no. 113665)
[ view plain ]
| 000 -LEADER | |
|---|---|
| fixed length control field | 00311nam a2200121 a 4500 |
| 001 - CONTROL NUMBER | |
| control field | 4140 |
| 005 - DATE AND TIME OF LATEST TRANSACTION | |
| control field | 20140414132033.0 |
| 008 - FIXED-LENGTH DATA ELEMENTS--GENERAL INFORMATION | |
| fixed length control field | 090218s19uu xx 00 eng d |
| 050 ## - LIBRARY OF CONGRESS CALL NUMBER | |
| Classification number | TR 612.75 |
| Item number | H19 2002 |
| 100 ## - MAIN ENTRY--PERSONAL NAME | |
| Personal name | Hansen, Rosanna |
| 245 ## - TITLE STATEMENT | |
| Title | Bones! : |
| Remainder of title | all kinds of hands, all kinds of feet. |
| Withdrawn status | Lost status | Damaged status | Home library | Current library | Shelving location | Date acquired | Total Checkouts | Full call number | Barcode | Date last seen | Price effective from | Koha item type |
|---|---|---|---|---|---|---|---|---|---|---|---|---|
| Munich Library | Munich Library | Teachers Reference Section | 03/11/2009 | TR 612.75 H19 2002 | M5270 | 04/14/2014 | 04/14/2014 | Books |